Területi statisztikai évkönyv 1985

Enregistré dans:
Détails bibliographiques
Format: Livre
Langue:hongrois
Publié: Budapest Statisztikai Kiadó Vállalat 1986
Sujets:
Tags: Ajouter un tag
Pas de tags, Soyez le premier à ajouter un tag!

MARC

LEADER 00000nam a2200000 4500
001 c035671
005 20250207074920.7
041 0 |a hun 
044 |a HU 
245 1 0 |a Területi statisztikai évkönyv 1985 
264 1 |a Budapest  |b Statisztikai Kiadó Vállalat  |c 1986 
300 |a 241 s. 
610 2 0 |a Maďarsko 
610 2 0 |a štatistika regionálna